000 003270000a22000970004500
100 1 _aNa'aman, Nadav
245 1 0 _aThe contribution of royal inscriptions for a Re-evaluation of the book of Kings as historial source
300 _aNúm 82 (1999), Páginas 3-17
773 0 _tJournal for the Study of the Old Testament
942 _cANA
999 _c54778
_d54778